Digital signal processing / (Record no. 10713)
[ view plain ]
| 000 -LEADER | |
|---|---|
| fixed length control field | 01314cas a2200349 a 4500 |
| 090 ## - LOCALLY ASSIGNED LC-TYPE CALL NUMBER (OCLC); LOCAL CALL NUMBER (OCLC) | |
| -- | 0 |
| 001 - CONTROL NUMBER | |
| control field | 11390503 |
| 005 - DATE AND TIME OF LATEST TRANSACTION | |
| control field | 20070526082146.0 |
| 008 - FIXED-LENGTH DATA ELEMENTS--GENERAL INFORMATION | |
| fixed length control field | 900620c19919999mnubr p 0 a0eng d |
| 010 ## - LIBRARY OF CONGRESS CONTROL NUMBER | |
| LC control number | 91650983 |
| Canceled/invalid LC control number | sn 90002038 |
| 020 ## - INTERNATIONAL STANDARD BOOK NUMBER | |
| International Standard Book Number | 8179925196. |
| 022 0# - INTERNATIONAL STANDARD SERIAL NUMBER | |
| International Standard Serial Number | 1051-2004 |
| Source | 1 |
| 030 ## - CODEN DESIGNATION | |
| CODEN | DSPREJ |
| 035 ## - SYSTEM CONTROL NUMBER | |
| System control number | (OCoLC)ocm21889588 |
| 037 ## - | |
| -- | Academic Press, Inc., 1 E. 1st St., Duluth, MN 55802 |
| 040 ## - CATALOGING SOURCE | |
| Original cataloging agency | NSDP |
| Transcribing agency | NSDP |
| Modifying agency | DLC |
| -- | NST |
| -- | OUCA |
| -- | NST |
| -- | NSDP |
| -- | MiU |
| -- | NSDP |
| -- | OCoLC |
| -- | PBL |
| -- | NSDP |
| -- | OCoLC |
| -- | DLC |
| 042 ## - AUTHENTICATION CODE | |
| Authentication code | nsdp |
| -- | lc |
| 050 00 - LIBRARY OF CONGRESS CALL NUMBER | |
| Classification number | TK5102.5 |
| Item number | .D4463 |
| 082 00 - DEWEY DECIMAL CLASSIFICATION NUMBER | |
| Classification number | 621.3822 |
| Edition number | 20 |
| Item number | KES |
| 245 00 - TITLE STATEMENT | |
| Title | Digital signal processing / |
| Statement of responsibility, etc | J. Kesavamurthy, S. Narayan Lyer. |
| 260 ## - PUBLICATION, DISTRIBUTION, ETC. (IMPRINT) | |
| Place of publication, distribution, etc | Mumbai : |
| Name of publisher, distributor, etc | Jaico Publishing house, |
| Date of publication, distribution, etc | c.2006. |
| 300 ## - PHYSICAL DESCRIPTION | |
| Extent | 453p |
| Other physical details | ill. ; |
| Dimensions | 28 cm. |
| 500 ## - GENERAL NOTE | |
| General note | Title from cover. |
| 590 ## - LOCAL NOTE (RLIN) | |
| Local note | SERBIB/SERLOC merged record |
| 650 #0 - SUBJECT ADDED ENTRY--TOPICAL TERM | |
| Topical term or geographic name as entry element | Signal processing |
| General subdivision | Digital techniques |
| Form subdivision | Periodicals. |
| 942 ## - ADDED ENTRY ELEMENTS (KOHA) | |
| Source of classification or shelving scheme | Dewey Decimal Classification |
| Item type | Book - Borrowing |
| Withdrawn status | Item status | Source of classification or shelving scheme | Damaged status | Not for loan | Vendor | Home library | Current library | Shelving location | Date acquired | Source of acquisition | Cost, normal purchase price | Serial Enumeration / chronology | Total Checkouts | Total Renewals | Full call number | Barcode | Date last seen | Date last borrowed | Koha item type |
|---|---|---|---|---|---|---|---|---|---|---|---|---|---|---|---|---|---|---|---|
| Dewey Decimal Classification | Alahram | Central Library | Central Library | First floor | 05/02/2009 | 140.00 | 06489 | 1 | 3 | 621.3822 KES | 000014742 | 15/07/2025 | 12/05/2013 | Book - Borrowing |